000 00929nas a2200325 4500
001 BR0104844
003 BR-BrBNA
005 20231205102534.0
007 ta
008 230509b bl.|||p| |||| 00| 00por d
040 _aBR-BrBNA
_bpor
_cBiblioteca Nacional de Agricultura
041 _a(Pt)
072 _aQ04
100 1 _aPolastro, L.R.
100 1 _aBoso, L.M.
100 1 _aAndrade-Sobrinho, L.G.
100 1 _aLima-Neto, B.S.
100 1 _aFranco, D.W.
245 1 _aCompostos nitrogenados em bebidas destiladas: cachaca e Tiquira
650 _aAguardente
650 _aMandioca
650 _aCana de Acucar
650 _aCachaca
650 _aComposto Nitrogenado
650 _aUreia
650 _aAminoacido
773 0 _tCiencia e Tecnologia de Alimentos (Brazil)
_xISSN 0101-2061
_g(Jan-Apr 2001), v. 21(1) p. 78-81
_wBR0104844
909 _a202311
_bLúcia
_c55
_dLúcia Elande
942 _2AGRIS
_n0
_cANA
999 _c168065
_d168065